000 00373nam a22001337a 4500
008 230607b xxu||||| |||| 00| 0 eng d
020 _a066933488X
082 _a973.8
_bHOL
100 _cJohn Hollitz
245 _aThinking Through the Past:
_ba Critical Thinking Approach to U.S History
260 _aUSA
_bHoughton Mifflin Company
_c1997
300 _a344p
942 _2ddc
_cBK
999 _c766
_d766